Statistics for Members Of The Amp Squad

Click here to take the quiz!

General Stats

  • This quiz has been taken 212 times
  • The average score is 5 of 9

Answer Stats

HintAnswer% Correct
Leader & Founder's SisterLexi Rivera
97%
Leader & FounderBrent Rivera
95%
Crazy And UnexpectingBen Azelart
71%
Always Wears A BeanieAndrew Davila
70%
Huge SimpDom Brack
60%
Very AnnoyingJeremy Hutchins
56%
Cringe And BoringLexi Hensler
46%
Newest MemberDrew Drew Drew
9%
Leader & Founder's CrushPierson Wodininsky
1%

Score Distribution

Percentile by Number Answered

Percent of People with Each Score

Your Score History

You have not taken this quiz